Realidad familiar en Costa Rica: aportes y desafíos desde las ciencias sociales /
Guardat en:
| Autor principal: | |
|---|---|
| Altres autors: | |
| Format: | Desconegut |
| Publicat: |
San José:
FLACSO. Programa Costa Rica. UNICEF. Universidad de Costa Rica. Instituto de Investigaciones Psicológicas
|
| Matèries: | |
| Etiquetes: |
Afegir etiqueta
Sense etiquetes, Sigues el primer a etiquetar aquest registre!
|
MARC
| LEADER | 00000 a2200000 04500 | ||
|---|---|---|---|
| 001 | 18984 | ||
| 003 | |||
| 008 | 991231s d | ||
| 040 | |||
| 090 | |a 144905 | ||
| 100 | |a Vega Robles, Isabel | ||
| 245 | |a Realidad familiar en Costa Rica: aportes y desafíos desde las ciencias sociales / |c Isabel Vega Robles | ||
| 260 | |a San José: |b FLACSO. Programa Costa Rica. UNICEF. Universidad de Costa Rica. Instituto de Investigaciones Psicológicas | ||
| 300 | |a 243 p. | ||
| 650 | |a FAMILIA | ||
| 650 | |a MEDIO FAMILIAR | ||
| 650 | |a ACTITUDES | ||
| 650 | |a COMPORTAMIENTO | ||
| 700 | |a | ||
| 700 | |a Cordero Ulate, Allen | ||
| 700 | |a | ||
| 999 | |c 16900 |d 16900 | ||
